Statistiques concernant Le plus grand ville commençant par R dans ce pays

Cliquez ici pour prendre le quiz!

Statistiques générales

  • Ce quiz a été pris 154 fois
  • Le résultat moyen est 8 sur 15

Statistiques - réponses

PaysR -ville% Correct
MarocRabat
97%
Pays-basRotterdam
93%
IslandeReykjavik
89%
LettonieRiga
89%
ItalieRome
89%
BrésilRio de Janeiro
88%
FranceRennes
78%
RussieRostov-sur-le-Don
46%
PalestineRamallah
43%
ArgentineRosario
37%
AllemagneRostock
28%
Royaume-UniReading
24%
PakistanRawalpindi
15%
États-UnisRiverside
15%
CanadaRegina
12%

Distribution des résultats

Percentile par nombre de réponses

% des personnes avec chaque résultat

Votre développement - résultats

Vous n’avez pas pris ce quiz